Thermal environmental engineering (Record no. 13003)

000 -LEADER
fixed length control field 00498nam a2200193 4500
001 - CONTROL NUMBER
control field 13003
003 - CONTROL NUMBER IDENTIFIER
control field BD-DhUET
008 - FIXED-LENGTH DATA ELEMENTS--GENERAL INFORMATION
fixed length control field 700513s1970 njuad b 001 0 eng
020 ## - INTERNATIONAL STANDARD BOOK NUMBER
International Standard Book Number 139147217
040 ## - CATALOGING SOURCE
Original cataloging agency DLC
Transcribing agency DLC
Modifying agency BD-DhUET
082 ## - DEWEY DECIMAL CLASSIFICATION NUMBER
Classification number 697.93
Item number THR/1970
100 1# - MAIN ENTRY--PERSONAL NAME
Personal name Threlkeld, James L.
245 10 - TITLE STATEMENT
Title Thermal environmental engineering
250 ## - EDITION STATEMENT
Edition statement 2nd ed.
260 ## - PUBLICATION, DISTRIBUTION, ETC. (IMPRINT)
Place of publication, distribution, etc. New Jersey
Name of publisher, distributor, etc. Prentice-Hall
Date of publication, distribution, etc. 1970
300 ## - PHYSICAL DESCRIPTION
Extent xvi, 495 p.
Other physical details illus.
Dimensions 25 cm.
650 #0 - SUBJECT ADDED ENTRY--TOPICAL TERM
Topical term or geographic name as entry element Air Conditioning
942 ## - ADDED ENTRY ELEMENTS (KOHA)
Koha item type General Book
Holdings
Koha date last seen Date acquired Location (home branch) Price effective from Koha normalized classification for sorting Not for loan Sublocation or collection (holding branch) Copy number Lost status Source of classification or shelving scheme Damaged status Piece designation (barcode) Koha item type Koha full call number Withdrawn status Shelving location
2015-02-282015-02-28Central Library, BUET2015-02-28697_930000000000000_THR_1970 Central Library, BUET1   47970General Book697.93/THR/1970 Circulation section
2015-02-282015-02-28Central Library, BUET2015-02-28697_930000000000000_THR_1970 Central Library, BUET2   55662General Book697.93/THR/1970 Circulation section
2015-05-172015-05-17Central Library, BUET2015-05-17697_930000000000000_THR_1970 Central Library, BUET3   17689General Book697.93/THR/1970 Circulation section
2015-05-172015-05-17Central Library, BUET2015-05-17697_930000000000000_THR_1970 Central Library, BUET4   17690General Book697.93/THR/1970 Circulation section
2015-05-172015-05-17Central Library, BUET2015-05-17697_930000000000000_THR_1970 Central Library, BUET5   17691General Book697.93/THR/1970 Circulation section
2015-05-172015-05-17Central Library, BUET2015-05-17697_930000000000000_THR_1970 Central Library, BUET6   17692General Book697.93/THR/1970 Circulation section
2015-05-172015-05-17Central Library, BUET2015-05-17697_930000000000000_THR_1970 Central Library, BUET7   17693General Book697.93/THR/1970 Circulation section
2015-05-172015-05-17Central Library, BUET2015-05-17697_930000000000000_THR_1970 Central Library, BUET8   19442General Book697.93/THR/1970 Circulation section
2015-05-172015-05-17Central Library, BUET2015-05-17697_930000000000000_THR_1970 Central Library, BUET9   25333General Book697.93/THR/1970 Circulation section
2015-05-172015-05-17Central Library, BUET2015-05-17697_930000000000000_THR_1970 Central Library, BUET10   25334General Book697.93/THR/1970 Circulation section